000 00513nam a22001697a 4500
005 20251108164227.0
008 250721s1989 xx 000 0 ara d
082 1 4 _a618.3/سمي
100 1 _aخوري، سميح نجيب
245 1 0 _aدليل المرأة في حملها و أمراضها /
264 1 _aبيروت :
_bالمؤسسة العربية للدراسات،
_c1989.
300 _a240ص
650 1 7 _aالأمراض النسائية
650 1 7 _aالحمل
942 _2ddc
_cBK
999 _c6869
_d6869